Library Banner

The economic impact of temporary manpower migration in selected OIC member countries/ (Record no. 101801)

MARC details
000 -LEADER
fixed length control field 00469nam a22001457a 4500
005 - DATE AND TIME OF LATEST TRANSACTION
control field 20260514124619.0
008 - FIXED-LENGTH DATA ELEMENTS--GENERAL INFORMATION
fixed length control field 180118b xxu||||| |||| 00| 0 eng d
040 ## - CATALOGING SOURCE
Transcribing agency PK-LaUMT
082 ## - DEWEY DECIMAL CLASSIFICATION NUMBER
Classification number PKAC 304.82091767
Item number CAR-E
100 ## - MAIN ENTRY--PERSONAL NAME
Personal name Carikci , Emin
245 ## - TITLE STATEMENT
Title The economic impact of temporary manpower migration in selected OIC member countries/
Statement of responsibility, etc Emin Carikci
260 ## - PUBLICATION, DISTRIBUTION, ETC. (IMPRINT)
Place of publication, distribution, etc Jeddah:
Name of publisher, distributor, etc Islamic research and training institute,
Date of publication, distribution, etc 1987
300 ## - PHYSICAL DESCRIPTION
Extent 90
942 ## - ADDED ENTRY ELEMENTS (KOHA)
Koha item type Books
Holdings
Withdrawn status Lost status Damaged status Home library Current library Date acquired Full call number Barcode Date last seen Price effective from Koha item type
      UMT Main Campus UMT Main Campus 2018-01-18 PKAC 304.82091767 CAR-E 117749 2018-01-18 2018-01-18 Books